Normal view
MARC view
Entry Personal Name
001 - CONTROL NUMBER
- control field: 51286
003 - CONTROL NUMBER IDENTIFIER
- control field: ARRUPE
005 - DATE AND TIME OF LATEST TRANSACTION
- control field: 20220407115155.0
008 - FIXED-LENGTH DATA ELEMENTS
- fixed length control field: 220407|| aca||aabn | a|a d
040 ## - CATALOGING SOURCE
- Original cataloging agency: ARRUPE
- Transcribing agency: ARRUPE
100 ## - HEADING--PERSONAL NAME
- Personal name: Lycan,William G
670 ## - SOURCE DATA FOUND
- Source citation: Work cat.: (ARRUPE)131284: Lycan,William G, Philosophy of language., 2000.